| 000 -LEADER |
| fixed length control field |
01163pab a2200169 454500 |
| 008 - FIXED-LENGTH DATA ELEMENTS--GENERAL INFORMATION |
| fixed length control field |
180718b04 xxu||||| |||| 00| 0 eng d |
| 100 ## - MAIN ENTRY--PERSONAL NAME |
| Personal name |
Sato, Hiroshi |
| 245 ## - TITLE STATEMENT |
| Title |
Social security and well-being in a low-income economy: an appraisal of the Kerala experience |
| 260 ## - PUBLICATION, DISTRIBUTION, ETC. |
| Date of publication, distribution, etc. |
04 |
| 300 ## - PHYSICAL DESCRIPTION |
| Extent |
p.288-304. |
| 362 ## - DATES OF PUBLICATION AND/OR SEQUENTIAL DESIGNATION |
| Dates of publication and/or sequential designation |
Jun |
| 520 ## - SUMMARY, ETC. |
| Summary, etc. |
The State of Kerala, which is considered to have attained a level of social well-being comparable to that of advanced countries despite its relatively low income standard, is widely known as an example of "welfare by public intervention" in developing economies. This paper, focusing on the four areas of food provision, health services, elementary education, and pension schemes, and paying attention to the participation of the private sector as well as the activities of political parties and labor unions, points out that in Kerala, the private sector and organized activities have played a vital role, in addition to "public intervention." in the betterment of public welfare. - Reproduced. |
| 650 ## - SUBJECT ADDED ENTRY--TOPICAL TERM |
| Topical term or geographic name entry element |
Social security - India - Kerala |
| 650 ## - SUBJECT ADDED ENTRY--TOPICAL TERM |
| Topical term or geographic name entry element |
Social security |
| 773 ## - HOST ITEM ENTRY |
| Main entry heading |
Developing Economies |
| 909 ## - |
| -- |
61928 |